000
00365nam a2200133Ia 4500
008
151001s9999||||xx |||||||||||||| ||und||
100
_a
H. P. Blavatsky
245
_a
praction occutism
250
_a
1
260
_b
The theosophical publishing
260
_c
1990
300
_a
106
365
_b
18
999
_c
967911
_d
967908